<?xml version="1.0" encoding="UTF-8"?>
<record
    xmlns:xsi="http://www.w3.org/2001/XMLSchema-instance"
    xsi:schemaLocation="http://www.loc.gov/MARC21/slim http://www.loc.gov/standards/marcxml/schema/MARC21slim.xsd"
    xmlns="http://www.loc.gov/MARC21/slim">

  <leader>00576nam a22001337a 4500</leader>
  <datafield tag="040" ind1=" " ind2=" ">
    <subfield code="c">RUA</subfield>
  </datafield>
  <datafield tag="082" ind1=" " ind2=" ">
    <subfield code="a">AVM SOK 2011 B099 Or.1</subfield>
  </datafield>
  <datafield tag="100" ind1=" " ind2=" ">
    <subfield code="a">SOK, CHANSOPHEAP.</subfield>
  </datafield>
  <datafield tag="245" ind1=" " ind2=" ">
    <subfield code="a">Study on quality control of pig semen on BVB investment corp, &#x1780;&#x17B6;&#x179A;&#x179F;&#x17B7;&#x1780;&#x17D2;&#x179F;&#x17B6;&#x17A2;&#x1784;&#x17D2;&#x1780;&#x17C1;&#x178F;&#x1796;&#x17B8;&#x1782;&#x17BB;&#x178E;&#x1797;&#x17B6;&#x1796;&#x1791;&#x17B9;&#x1780;&#x1780;&#x17B6;&#x1798;&#x1787;&#x17D2;&#x179A;&#x17BC;&#x1780;&#x1793;&#x17C5;&#x1780;&#x17D2;&#x179A;&#x17BB;&#x1798;&#x17A0;&#x17CA;&#x17BB;&#x1793; BVB INVESTMENT CORP</subfield>
  </datafield>
  <datafield tag="260" ind1=" " ind2=" ">
    <subfield code="a">Phnom Penh</subfield>
    <subfield code="b">RUA</subfield>
    <subfield code="c">2011</subfield>
  </datafield>
  <datafield tag="300" ind1=" " ind2=" ">
    <subfield code="a">xii, 41p.</subfield>
    <subfield code="b">ill.</subfield>
    <subfield code="c">29cm.</subfield>
  </datafield>
  <datafield tag="856" ind1=" " ind2=" ">
    <subfield code="u">https://drive.google.com/file/d/1Qqywl4vpNdGAQ0pRJxaPLVD_sfO-OvGP/view?usp=sharing</subfield>
  </datafield>
  <datafield tag="942" ind1=" " ind2=" ">
    <subfield code="c">AVM</subfield>
  </datafield>
  <datafield tag="999" ind1=" " ind2=" ">
    <subfield code="c">2481</subfield>
    <subfield code="d">2481</subfield>
  </datafield>
  <datafield tag="952" ind1=" " ind2=" ">
    <subfield code="0">0</subfield>
    <subfield code="1">0</subfield>
    <subfield code="2">ddc</subfield>
    <subfield code="4">0</subfield>
    <subfield code="6">AVM_SOK_2011_000000000000000_B099_OR_1</subfield>
    <subfield code="7">0</subfield>
    <subfield code="9">11301</subfield>
    <subfield code="a">LBB</subfield>
    <subfield code="b">LBB</subfield>
    <subfield code="c">B099</subfield>
    <subfield code="d">2015-10-21</subfield>
    <subfield code="l">2</subfield>
    <subfield code="o">AVM SOK 2011 B099 Or.1</subfield>
    <subfield code="p">RUA016788</subfield>
    <subfield code="r">2018-03-19</subfield>
    <subfield code="s">2018-03-13</subfield>
    <subfield code="w">2015-10-21</subfield>
    <subfield code="y">AVM</subfield>
  </datafield>
  <datafield tag="952" ind1=" " ind2=" ">
    <subfield code="0">0</subfield>
    <subfield code="1">0</subfield>
    <subfield code="2">ddc</subfield>
    <subfield code="4">0</subfield>
    <subfield code="6">AVM_SOK_2011_000000000000000_B099_OR_2</subfield>
    <subfield code="7">0</subfield>
    <subfield code="9">11302</subfield>
    <subfield code="a">LBB</subfield>
    <subfield code="b">LBB</subfield>
    <subfield code="c">B099</subfield>
    <subfield code="d">2015-10-21</subfield>
    <subfield code="o">AVM SOK 2011 B099 Or.2</subfield>
    <subfield code="p">RUA017242</subfield>
    <subfield code="r">2015-10-21</subfield>
    <subfield code="w">2015-10-21</subfield>
    <subfield code="y">AVM</subfield>
  </datafield>
  <datafield tag="952" ind1=" " ind2=" ">
    <subfield code="0">0</subfield>
    <subfield code="1">0</subfield>
    <subfield code="2">ddc</subfield>
    <subfield code="4">0</subfield>
    <subfield code="6">AVM_SOK_2011_000000000000000_B099_OR_3</subfield>
    <subfield code="7">0</subfield>
    <subfield code="9">11303</subfield>
    <subfield code="a">LBB</subfield>
    <subfield code="b">LBB</subfield>
    <subfield code="c">B099</subfield>
    <subfield code="d">2015-10-21</subfield>
    <subfield code="o">AVM SOK 2011 B099 Or.3</subfield>
    <subfield code="p">RUA015510</subfield>
    <subfield code="r">2015-10-21</subfield>
    <subfield code="w">2015-10-21</subfield>
    <subfield code="y">AVM</subfield>
  </datafield>
  <datafield tag="952" ind1=" " ind2=" ">
    <subfield code="0">0</subfield>
    <subfield code="1">0</subfield>
    <subfield code="2">ddc</subfield>
    <subfield code="4">0</subfield>
    <subfield code="6">AVM_SOK_2011_000000000000000_B099_OR_4</subfield>
    <subfield code="7">0</subfield>
    <subfield code="9">13748</subfield>
    <subfield code="a">LBB</subfield>
    <subfield code="b">LBB</subfield>
    <subfield code="c">B099</subfield>
    <subfield code="d">2015-10-28</subfield>
    <subfield code="l">1</subfield>
    <subfield code="o">AVM SOK 2011 B099 Or.4</subfield>
    <subfield code="p">RUA015553</subfield>
    <subfield code="r">2019-07-08</subfield>
    <subfield code="s">2019-07-05</subfield>
    <subfield code="w">2015-10-28</subfield>
    <subfield code="y">AVM</subfield>
  </datafield>
</record>
